| 000 | 01109nam a2200289 a 4500 | ||
|---|---|---|---|
| 001 | 000023796 | ||
| 005 | 20200930022456.0 | ||
| 008 | 110113s1991 sp r 000 | spa d | ||
| 020 | _a8473988876 | ||
| 040 |
_aDO-SdBNP _bspa _cBNPHU |
||
| 041 |
_aeng _hspa _2Código de idioma MARC |
||
| 082 |
_a347.7312 _bW855t |
||
| 100 | 1 |
_aWolfe, Christopher _948981 |
|
| 245 | 1 | 3 |
_aLa transformación de la interpretación constitucional / _cChristopher Wolfe ; traducción de María Gracia Rubio de Casas y Sonsoles Valcárcel. |
| 260 |
_aMadrid : _bCivitas, _c1991. |
||
| 300 |
_a515 p. ; _c20 cm. |
||
| 490 | 1 | _aMonografías Civitas | |
| 500 | _aIncluye índice de materia | ||
| 500 | _aIncluye referencias y notas al pie de páginas | ||
| 650 | 4 |
_aRecurso de inconsticionalidad _zEstados Unidos _948982 |
|
| 650 | 4 |
_aDerecho constitucional _zEstados Unidos _948983 |
|
| 650 | 4 |
_aInterpretación del derecho por el juez _zEstados Unidos _948984 |
|
| 700 | 1 |
_aRubio de Casas, María Gracia _etr. _948985 |
|
| 710 | 1 |
_aValcárcel, Sonsoles _etr. _948986 |
|
| 830 | 0 |
_aMonografías Civitas, _948987 |
|
| 049 | _aBNGR | ||
| 999 |
_c23292 _d23292 |
||